header

Breaking the logjam (Record no. 12079)

MARC details
000 -LEADER
fixed length control field 01465nam a2200349Ia 4500
082 04 - DEWEY DECIMAL CLASSIFICATION NUMBER
Classification number 344.7304/6
100 1# - MAIN ENTRY--AUTHOR NAME
Personal name Schoenbrod, David.
245 10 - TITLE STATEMENT
Title Breaking the logjam
260 ## - PUBLICATION, DISTRIBUTION, ETC. (IMPRINT)
Place of publication New Haven [Conn.] :
Name of publisher Yale University Press,
Year of publication c2010.
300 ## - PHYSICAL DESCRIPTION
Number of Pages xviii, 198 p. :
Other physical details ill.
650 #0 - SUBJECT ADDED ENTRY--TOPICAL TERM
Topical Term Environmental law
Topical Term Law reform
700 1# - ADDED ENTRY--PERSONAL NAME
Personal name Stewart, Richard B.
Personal name Wyman, Katrina M.,
856 40 - ELECTRONIC LOCATION AND ACCESS
Uniform Resource Identifier http://site.ebrary.com/lib/rucke/Doc?id=10687914

No items available.

© 2026 Rongo University
Contact us: librarian | system librarian | Rongo university